• 首页
  • 本馆介绍
  • 公告通知
  • 最新文献
  • 馆藏检索
  • 电子资源
  • 读者导购
  • 参考咨询
  • 我的图书馆
  • 登录
  • 详细信息显示
  • 放入我的书架
  • 预约/预借图书
  • 作者相关作品
  • 分类相关作品
  • 丛书相关作品
  • 出版社相关作品

书目信息

  • 表格格式
  • 工作单格式
  • 卡片格式
题名:
睡眠解析
    
 
作者: 郭全红, 著
分册:  
出版信息: 广州   世界图书出版广东有限公司  2021.6
页数: 244页
开本: 24cm
丛书名:
单 册:
中图分类: R163
科图分类:
主题词: 睡眠--基本知识
电子资源:
ISBN: 978-7-5192-4695-2
000 01198nam0 2200289 45
001 012001000289
005 20140818091732.0
010    @a978-7-5192-4695-2@dCNY58.00
099    @aCAL 012018100674
100    @a20180806d2018 em y0chiy0110 ea
101 0  @achi
102    @aCN@b440000
105    @aa a 000yy
106    @ar
200 1  @a睡眠解析@Ashui mian jie xi@d= The interpretation of sleep@f郭全红著@zeng
210    @a广州@c世界图书出版广东有限公司@d2021.6
215    @a244页@c图@d24cm
300    @a并列题名:Interpretation of sleep
314    @a郭全红, 2002年于山西省长治医学院临床医学专业本科毕业, 毕业后就职于广东省中山市人民医院。
320    @a有书目
330    @a本书系统阐述了本人对于睡眠医学多年研究出的整体理论框架, 共包括六大章, 分别是: 第一章: 睡眠概述 ; 第二章: 睡眠的影响因素 ; 第三章: 梦的解析 ; 第四章: 睡眠结构 ; 第五章: 与睡眠类似的一些现象 ; 第六章: 睡眠障碍的诊断与治疗。每一章又分设多个小节, 涵盖了睡眠医学、行为医学、心理学的各个方面书内容丰富。
510 1  @aInterpretation of sleep@zeng
606 0  @a睡眠@x基本知识
690    @aR163@v5
701  0 @a郭全红,@Aguo quan hong@f1978-@4著
801    @aCN@bAHXH@c20210922
905    @b1357823-7@dR163@e288@f5
    
    睡眠解析= The interpretation of sleep/郭全红著.-广州:世界图书出版广东有限公司,2021.6
    244页:图;24cm
    并列题名:Interpretation of sleep
    
    ISBN 978-7-5192-4695-2:CNY58.00
    本书系统阐述了本人对于睡眠医学多年研究出的整体理论框架, 共包括六大章, 分别是: 第一章: 睡眠概述 ; 第二章: 睡眠的影响因素 ; 第三章: 梦的解析 ; 第四章: 睡眠结构 ; 第五章: 与睡眠类似的一些现象 ; 第六章: 睡眠障碍的诊断与治疗。每一章又分设多个小节, 涵盖了睡眠医学、行为医学、心理学的各个方面书内容丰富。
●
相关链接 在E读中查询图书 在五车中查询图书 在当当中查询图书 在豆瓣中查询图书


正题名:睡眠解析     索取号:R163/288         预约/预借

序号 登录号 条形码 馆藏地/架位号 状态 备注
1 1357823   213578234   第二样本阅览室/ [索取号:R163/288] 在馆    
2 1357824   213578243   教育系资料室/ [索取号:R163/288] 在馆    
3 1357825   213578252   教育系资料室/ [索取号:R163/288] 在馆    
4 1357826   213578261   第三借阅区/ [索取号:R163/288] 在馆    
5 1357827   213578270   第三借阅区/ [索取号:R163/288] 在馆    
唐山师范学院图书馆 欢迎您!
大连网信软件有限公司© 版权所有